[Event "Santa Cruz La Palma Christmas op"]
[Site "Santa Cruz de La Palma"]
[Date "2017.12.17"]
[Round "2.6"]
[White "Garcia de la Banda, Francisco"]
[Black "Hernandez Capote, Carmen"]
[Result "1/2-1/2"]
[WhiteElo "1919"]
[BlackElo "1512"]
[PlyCount "53"]
[EventDate "2017.12.16"]
[EventType "swiss"]
[EventRounds "7"]
[EventCountry "ESP"]
[SourceTitle "EXT 2024"]
[Source "ChessBase"]
[SourceDate "2023.10.10"]
[SourceVersion "1"]
[SourceVersionDate "2023.10.10"]
[SourceQuality "1"]

1. b3 e5 2. Bb2 Nc6 3. e3 d5 4. Bb5 Bd6 5. f4 f6 6. fxe5 fxe5 7. Bxc6+ bxc6 8. Bxe5 Qh4+ 9. g3 Qe4 10. Bxg7 Bg4 11. d3 Qg6 12. Bxh8 Bxd1 13. Kxd1 Nf6 14. Bxf6 Qxf6 15. c3 Qf2 16. Ne2 Qxe3 17. d4 Qd3+ 18. Nd2 0-0-0 19. Rc1 Re8 20. Re1 Qg6 21. Ng1 Rxe1+ 22. Kxe1 Qd3 23. Ne2 Qe3 24. Nf1 Qe4 25. Nd2 Qe3 26. Nf1 Qe4 27. Nd2 1/2-1/2

[Event "Canarias-ch Seniors"]
[Site "Vecindario"]
[Date "2016.05.29"]
[Round "4.4"]
[White "Garcia de la Banda, Francisco"]
[Black "Rodriguez Perez, Mauro"]
[Result "1/2-1/2"]
[WhiteElo "1891"]
[BlackElo "1903"]
[PlyCount "67"]
[EventDate "2016.05.27"]
[EventType "swiss"]
[EventRounds "6"]
[EventCountry "ESP"]
[SourceTitle "EXT 2024"]
[Source "ChessBase"]
[SourceDate "2023.10.10"]
[SourceVersion "1"]
[SourceVersionDate "2023.10.10"]
[SourceQuality "1"]

1. f4 d5 2. Nf3 Nf6 3. b3 e6 4. Bb2 b6 5. e3 Bb7 6. d4 Be7 7. Bd3 Nbd7 8. 0-0 Ne4 9. Bxe4 dxe4 10. Nfd2 0-0 11. a3 f5 12. Nc3 Nf6 13. Qe1 Ba6 14. Nc4 b5 15. Ne5 b4 16. Nc6 Qd7 17. Nxe7+ Qxe7 18. Ne2 Nd5 19. Qd2 Nc3 20. Bxc3 bxc3 21. Qe1 c5 22. Rf2 Bxe2 23. Rxe2 cxd4 24. exd4 Rac8 25. Re3 Qd6 26. Rd1 Qc7 27. d5 exd5 28. Rxd5 Qxf4 29. Rxc3 Rxc3 30. Qxc3 Qc1+ 31. Kf2 Qf4+ 32. Kg1 Qc1+ 33. Kf2 Qf4+ 34. Kg1 1/2-1/2

[Event "El Sauzal op 8th"]
[Site "El Sauzal"]
[Date "2007.11.03"]
[Round "3"]
[White "Garcia de la Banda, Francisco"]
[Black "Movsziszian, Karen"]
[Result "0-1"]
[WhiteElo "2174"]
[BlackElo "2531"]
[PlyCount "40"]
[EventDate "2007.11.03"]
[EventType "swiss (rapid)"]
[EventRounds "9"]
[EventCountry "ESP"]
[SourceTitle "CBM 121 Extra"]
[Source "ChessBase"]
[SourceDate "2008.01.10"]
[SourceVersion "1"]
[SourceVersionDate "2008.01.10"]
[SourceQuality "1"]

1. b3 d6 2. Bb2 e5 3. e3 Nf6 4. d4 Nbd7 5. c4 c6 6. dxe5 dxe5 7. Nf3 e4 8. Nd4 Ne5 9. Nc3 Bg4 10. f3 exf3 11. gxf3 Nxf3+ 12. Kf2 Ng5 13. Qc2 Bc5 14. Re1 0-0 15. Nf5 Qd7 16. Bd3 Rad8 17. h3 Nxh3+ 18. Rxh3 Qxd3 19. Qxd3 Rxd3 20. Rf3 Rxc3 0-1